000 00648nam a22002053 4500
001 202826
021 _aPT
090 _a202826
100 _a20231110d u||y0pory50 ba
200 _aOs meninos de ouro
_fAgustina Bessa - Lus̕
210 _aLisboa
_cGuimarês Editores
_d1983
215 _a315 p.
_cbrochado
_d21 cm
300 _aContm̌ dedicatr̤ia na folha de guarda Notas do Professor Dr. Almeida Faria na contracapa
606 _aLiteratura Portuguesa
_96
610 _aRomance
675 _a821.134.3-3
_vPT
_zpor
700 _91279
_aLus̕
_bAgustina Bessa
_f1922-2019
801 _aPT
_bBMMN
_gRPC
830 _cAna Falardo
_fAna Falardo
990 _cLIVROS